Matematičeskije voprosy kibernetiki Vyp.1

Gespeichert in:
Bibliographische Detailangaben
Format: Buch
Sprache:Russisch
Veröffentlicht: Moskva Nauka 1988
Tags: Tag hinzufügen
Keine Tags, Fügen Sie das erste Tag hinzu!

MARC

LEADER 00000nam a2200000 4500
001 c028458
005 20260327080032.2
041 0 |a rus 
044 |a RU 
245 1 0 |a Matematičeskije voprosy kibernetiki  |b Vyp.1  |c Red. S.V. Jablonskij 
264 1 |a Moskva  |b Nauka  |c 1988 
300 |a 247 s.